00968cam a2200253 a 4500001001300000003000400013005001700017008004100034010001700075035002000092040001300112050002200125245011300147260011000260300002800370490006500398546001700463504005100480650002500531700004500556700004000601830005600641999001700697sa 63000739 DLC20260227111923.0890710s1962 ii b 001 1 gujo  asa 63000739  a(OCoLC)19987532 aDLCcDLC00aPK1855b.S24 196200aSāhityamīmāṃsā /csampādakā, Vishṇuprasāda Ra. Trivedī, Jīvanalāla Trī. Parīkha. aSūrata :bCūnīlāla Gāndhī Vidyābhavana :bSārvajanika Ecyukeśana Sosāyaṭī,c1962. a2, 31, 448 p. ;c19 cm.1 aCūnīlāla Gāndhī Vidyābhavana prakāśana ;v10 aIn Gujarati. aIncludes bibliographical references and index. 0aGujarati literature.1 aTrivedī, Vishṇuprasāda Ra.,d1899-1 aParikh, J. T.q(Jivanlal Trikamlal) 0aShri Chunilal Gandhi Vidyabhavan studies ;vno. 10. c53599d53599